[Event "AUTO-MASTER-2510"]
[Site "http://www.queenalice.com/game.php?id=1456670"]
[Date "2016.12.26"]
[Round "2"]
[White "Nguxi59"]
[Black "Jedichess"]
[Result "1-0"]
[WhiteElo "2548"]
[BlackElo "2304"]

1. e4 d5 2. exd5 Nf6 3. c4 e6 4. dxe6 Bxe6 5. Be2 Nc6 6. Nf3 Bc5 7. O-O O-O 8.
d3 Re8 9. Nc3 Bf5 10. Bf4 Nd4 11. Nxd4 Bxd4 12. Rc1 Qd7 13. Qd2 Rad8 14. Rfe1 c6
15. h3 Bg6 16. Rcd1 h6 17. a3 a5 18. Bg3 b5 19. cxb5 cxb5 20. Bf3 Bh5 21. Rxe8+
Rxe8 22. Bxh5 Nxh5 23. Bh2 Nf6 24. Ne4 Nxe4 25. dxe4 Rxe4 26. Kh1 Qc6 27. f3 Be3
28. Qxa5 Rd4 29. Qe1 Qc2 30. Rxd4 Bxd4 31. Be5 Bf2 32. Qf1 f6 33. Bc3 Bg3 34.
Kg1 1-0

[Event "AUTO-MASTER-2510"]
[Site "http://www.queenalice.com/game.php?id=1456671"]
[Date "2016.12.26"]
[Round "2"]
[White "Jedichess"]
[Black "Nguxi59"]
[Result "1/2-1/2"]
[WhiteElo "2375"]
[BlackElo "2548"]

1. e4 e5 2. Bc4 Nf6 3. d4 exd4 4. Nf3 Nc6 5. e5 d5 6. Bb5 Ne4 7. Nxd4 Bd7 8.
Bxc6 bxc6 9. O-O Bc5 10. f3 Ng5 11. f4 Ne4 12. Be3 Bb6 13. Nd2 Nxd2 14. Qxd2 c5
15. Nf3 d4 16. Bf2 Bc6 17. Bh4 Qd7 18. Rad1 Qg4 19. h3 Qh5 20. Qe2 Qf5 21. Qc4
Qe6 22. Qd3 O-O 23. f5 Qh6 24. Bg5 Qh5 25. Be7 Rfe8 26. f6 a5 27. Qe2 Qh6 28. e6
gxf6 29. exf7+ Kxf7 30. Ne5+ Kxe7 31. Nxc6+ Kd7 32. Qb5 Kc8 33. Rde1 Rxe1 34.
Rxe1 Kb7 35. Ne7 Qd2 36. Re6 Qc1+ 37. Kh2 Qf4+ 38. Kg1 Qc1+ 1/2-1/2

[Event "AUTO-MASTER-2510"]
[Site "http://www.queenalice.com/game.php?id=1456672"]
[Date "2016.12.26"]
[Round "2"]
[White "CCapivara"]
[Black "Jedichess"]
[Result "1-0"]
[WhiteElo "2191"]
[BlackElo "2372"]

1. e4 d5 2. exd5 Nf6 3. c4 e6 4. dxe6 Bxe6 5. Nf3 Qe7 6. Qe2 Nc6 7. d4 Bf5 8. a3
Na5 9. Nbd2 c5 10. d5 O-O-O 11. Qxe7 Bxe7 12. Be2 Rhe8 13. O-O 1-0

[Event "AUTO-MASTER-2510"]
[Site "http://www.queenalice.com/game.php?id=1456673"]
[Date "2016.12.26"]
[Round "2"]
[White "Jedichess"]
[Black "CCapivara"]
[Result "1-0"]
[WhiteElo "2364"]
[BlackElo "2221"]

1. e4 d6 2. Nc3 Nf6 3. f4 c6 4. d4 Qa5 5. Bd3 e5 6. Nf3 Bg4 7. Be3 Nbd7 8. O-O
Be7 9. h3 Bxf3 10. Qxf3 O-O 11. a3 Rad8 12. Ne2 Qc7 13. c3 b5 14. Ng3 exd4 15.
cxd4 a6 16. Rac1 Rfe8 17. e5 Nd5 18. Qxd5 1-0

[Event "AUTO-ELITE-1787"]
[Site "http://www.queenalice.com/game.php?id=1463781"]
[Date "2017.2.10"]
[Round "1"]
[White "Tecodamara"]
[Black "Jedichess"]
[Result "1-0"]
[WhiteElo "2673"]
[BlackElo "2369"]

1. d4 d5 2. Nf3 Nf6 3. e3 e6 4. Bd3 c5 5. c3 Nc6 6. Nbd2 Bd6 7. O-O O-O 8. dxc5
Bxc5 9. b4 Bd6 10. Bb2 e5 11. e4 Bg4 12. h3 Bh5 13. Re1 Bc7 14. a4 Ne7 15. c4 d4
16. Rc1 Ng6 17. c5 Nf4 18. Bf1 Qd7 19. Qb3 Rab8 20. Ba3 Rfd8 21. b5 d3 22. Re3
h6 23. Kh2 Rbc8 24. g3 Ne2 25. Rc4 Bxf3 26. Nxf3 Nd4 27. Qxd3 1-0

[Event "AUTO-ELITE-1787"]
[Site "http://www.queenalice.com/game.php?id=1463782"]
[Date "2017.2.10"]
[Round "1"]
[White "Jedichess"]
[Black "Tecodamara"]
[Result "0-1"]
[WhiteElo "2370"]
[BlackElo "2686"]

1. e4 e5 2. Nf3 Nf6 3. Nxe5 d6 4. Nf3 Nxe4 5. Nc3 Nxc3 6. dxc3 Be7 7. Be3 Nd7 8.
Qd2 Nf6 9. O-O-O O-O 10. h4 Re8 11. Ng5 c6 12. Bd3 h6 13. Kb1 Nd5 14. Rde1 Bd7
15. Bh7+ Kf8 16. Nf3 Nxe3 17. Rxe3 Qc7 18. Rg1 d5 19. Rge1 Bc5 20. Re5 Bd6 21.
Rxe8+ Rxe8 22. Rxe8+ Bxe8 23. Bf5 Bd7 24. Bxd7 Qxd7 25. Qd4 b6 26. h5 Bc5 0-1

[Event "AUTO-ELITE-1787"]
[Site "http://www.queenalice.com/game.php?id=1463789"]
[Date "2017.2.10"]
[Round "1"]
[White "Jedichess"]
[Black "Norfair"]
[Result "0-1"]
[WhiteElo "2299"]
[BlackElo "2549"]

1. e4 e5 2. Nf3 Nc6 3. d4 exd4 4. Bc4 Nf6 5. e5 d5 6. Bb5 Ne4 7. Nxd4 Bd7 8.
Bxc6 bxc6 9. O-O Bc5 10. f3 Ng5 11. f4 Ne4 12. Be3 Bb6 13. Nd2 c5 14. N4f3 Nxd2
15. Qxd2 d4 16. Bf2 Bc6 17. a4 a5 18. Qd3 Qd7 19. f5 O-O-O 20. b3 Kb7 21. Rae1
Bd5 22. e6 fxe6 23. Ne5 Qe7 24. fxe6 Qxe6 25. Bg3 Rhf8 26. Nf7 Qc6 27. Nxd8+
Rxd8 28. Rf2 g6 29. Rd2 c4 0-1

[Event "AUTO-ELITE-1787"]
[Site "http://www.queenalice.com/game.php?id=1463790"]
[Date "2017.2.10"]
[Round "1"]
[White "Norfair"]
[Black "Jedichess"]
[Result "1-0"]
[WhiteElo "2685"]
[BlackElo "2372"]

1. e4 d5 2. exd5 Nf6 3. Nf3 Bg4 4. Be2 Qxd5 5. O-O Nc6 6. d4 O-O-O 7. Be3 Qf5 8.
c4 e5 9. d5 e4 10. Nd4 Nxd4 11. Bxd4 Bd6 12. Nc3 Bxe2 13. Nxe2 Rhe8 14. h3 Kb8
15. Rc1 Be5 16. Qb3 g5 17. Rc3 a6 18. Qa3 Nd7 19. Rb3 Ka8 20. Qb4 Rb8 21. c5
Bxd4 22. Qxd4 Qf6 23. Qc4 Ne5 24. Qxe4 1-0

[Event "AUTO-ELITE-1696"]
[Site "http://www.queenalice.com/game.php?id=1464165"]
[Date "2017.2.12"]
[Round "2"]
[White "FabioDavid"]
[Black "Jedichess"]
[Result "1/2-1/2"]
[WhiteElo "2505"]
[BlackElo "2367"]

1. b3 e5 2. Bb2 Nc6 3. e3 d5 4. Bb5 Bd6 5. f4 f6 6. fxe5 fxe5 7. Nf3 Qe7 8. c4
Nf6 9. cxd5 Nxd5 10. O-O O-O 11. Nc3 Nxc3 12. Bxc3 e4 13. Bxc6 bxc6 14. Nd4 Ba6
15. Rxf8+ Rxf8 16. Qg4 Bc8 17. Qe2 Qe5 18. g3 Bh3 19. Nxc6 Qg5 20. Qc4+ Kh8 21.
Qxe4 Bxg3 22. hxg3 Qxg3+ 23. Kh1 Bg4 24. Ne5 Qh4+ 1/2-1/2

[Event "AUTO-ELITE-1696"]
[Site "http://www.queenalice.com/game.php?id=1464166"]
[Date "2017.2.12"]
[Round "2"]
[White "Jedichess"]
[Black "FabioDavid"]
[Result "1/2-1/2"]
[WhiteElo "2371"]
[BlackElo "2502"]

1. e4 Nc6 2. Nf3 d6 3. d4 Nf6 4. Nc3 Bg4 5. Be3 e5 6. d5 Ne7 7. Be2 Ng6 8. h4
Be7 9. Qd2 O-O 10. O-O-O Qd7 11. Ng5 Bxe2 12. Qxe2 Nf4 13. Bxf4 exf4 14. Nh3 Qg4
15. Qd2 Nh5 16. f3 Qxh4 17. Ne2 Ng3 18. Nxg3 Qxg3 19. Nf2 f5 20. exf5 Qg5 21.
Qe2 Rf7 22. Kb1 Qxf5 1/2-1/2

[Event "AUTO-ELITE-1732"]
[Site "http://www.queenalice.com/game.php?id=1468757"]
[Date "2017.3.14"]
[Round "2"]
[White "Jedichess"]
[Black "pedrolopez"]
[Result "1-0"]
[WhiteElo "2366"]
[BlackElo "2527"]

1. e4 d5 2. exd5 Nf6 3. d4 Bg4 4. Bb5+ c6 5. dxc6 Nxc6 6. Nf3 Qb6 7. Nc3 O-O-O
8. Bxc6 Qxc6 9. h3 Bxf3 10. Qxf3 Qxf3 11. gxf3 Rxd4 12. Be3 Rd7 13. Bxa7 g6 14.
Na4 Kc7 15. Be3 Nd5 16. Nc5 1-0

[Event "AUTO-ELITE-1810"]
[Site "http://www.queenalice.com/game.php?id=1470719"]
[Date "2017.3.27"]
[Round "1"]
[White "Jedichess"]
[Black "hatu"]
[Result "0-1"]
[WhiteElo "2341"]
[BlackElo "2214"]

1. e4 c5 2. b4 cxb4 3. a3 bxa3 4. d4 d6 5. Nxa3 g6 6. Nf3 Bg7 7. c3 Nf6 8. Bd3
O-O 9. O-O Nc6 10. Nc2 Bd7 11. Re1 Na5 12. e5 dxe5 13. dxe5 Ng4 14. Ncd4 Qc7 15.
Qe2 Nc6 0-1

[Event "AUTO-ELITE-1810"]
[Site "http://www.queenalice.com/game.php?id=1470720"]
[Date "2017.3.27"]
[Round "1"]
[White "hatu"]
[Black "Jedichess"]
[Result "1-0"]
[WhiteElo "2230"]
[BlackElo "2325"]

1. e4 d5 2. Nc3 d4 3. Nce2 e5 4. Ng3 Be6 5. c3 c5 6. Qa4+ Nc6 7. Bb5 Bd7 8. Nf3
Nf6 9. O-O Bd6 10. d3 O-O 11. cxd4 cxd4 12. Bd2 a6 13. Bxc6 bxc6 14. Bg5 h6 15.
Bd2 Re8 16. Nh4 1-0

[Event "AUTO-ELITE-1839"]
[Site "http://www.queenalice.com/game.php?id=1481665"]
[Date "2017.6.9"]
[Round "1"]
[White "arvo1938"]
[Black "Jedichess"]
[Result "1-0"]
[WhiteElo "2509"]
[BlackElo "2310"]

1. d4 Nf6 2. c4 e6 3. Nf3 c5 4. Bg5 cxd4 5. Nxd4 h6 6. Bxf6 Qxf6 7. Nc3 Nc6 8.
e3 Bb4 9. Be2 Bxc3+ 10. bxc3 O-O 11. O-O 1-0

[Event "AUTO-ELITE-1839"]
[Site "http://www.queenalice.com/game.php?id=1481666"]
[Date "2017.6.9"]
[Round "1"]
[White "Jedichess"]
[Black "arvo1938"]
[Result "0-1"]
[WhiteElo "2380"]
[BlackElo "2499"]

1. e4 c5 2. c3 Nc6 3. Nf3 d5 4. exd5 Qxd5 5. d4 Bg4 6. Be2 e6 7. h3 Bxf3 8. Bxf3
Qd7 9. dxc5 Qxd1+ 10. Bxd1 Bxc5 11. O-O Nf6 12. Nd2 Nd5 0-1

[Event "AUTO-ELITE-1839"]
[Site "http://www.queenalice.com/game.php?id=1481671"]
[Date "2017.6.9"]
[Round "1"]
[White "Jedichess"]
[Black "chessprm"]
[Result "0-1"]
[WhiteElo "2367"]
[BlackElo "2324"]

1. e4 e6 2. d4 d5 3. e5 c5 4. c3 Nc6 5. Nf3 Qb6 6. Bd3 cxd4 7. cxd4 Bd7 8. O-O
Nxd4 9. Nbd2 Bc5 10. b4 Bf8 11. Rb1 Nc6 12. a3 Nge7 13. Re1 Ng6 14. Nb3 Qc7 15.
Bb2 Be7 16. Rc1 a6 0-1